| 000 | 03057nam a2200397 i 4500 | ||
|---|---|---|---|
| 001 | 193961 | ||
| 003 | SpMaBN | ||
| 005 | 20250804062657.0 | ||
| 008 | 240115s2021 sp | |||| 000 f spa | ||
| 015 | _aMON21 | ||
| 017 |
_aM 2739-2021 _bOficina Depósito Legal Madrid |
||
| 020 | _a9791220106177 | ||
| 040 |
_aSpMaBN _bspa _cSpMaBN _erda |
||
| 044 |
_asp _ait |
||
| 080 | _a821.134.2-31"19" | ||
| 100 |
_aRuiz de Linares, Ernesto, _d1954- _9235445 _eaut |
||
| 245 | 1 | 3 |
_aLa vuelta al Paraíso / _cErnesto Ruíz de Linares |
| 250 | _aPrimera edición: marzo del 2021 | ||
| 264 | 1 |
_aMadrid : _bEuropa Ediciones, _c[2021] |
|
| 264 | 3 |
_aVignate (MI) : _bRotomail Italia, _c2021 |
|
| 264 | 4 | _c©2021 | |
| 300 |
_a220 páginas ; _c21 cm |
||
| 336 |
_aTexto _2rdacontent |
||
| 337 |
_asin mediación _2rdamedia |
||
| 338 |
_avolumen _2rdacarrier |
||
| 490 | 0 | _aEdificar universos | |
| 520 | _aLas leyes pueden generar igualdad de derechos, pero jamás conseguirán igualar lo que la naturaleza ha configurado diferente. Una espectacular reflexión sobre el uso del pensamiento y del conocimiento. Ese “elixir” que el hombre bebió del árbol de la sabiduría, según la metáfora bíblica, y que le costó la expulsión del paraíso, no es más que un boomerang que le ha generado ansiedad, pena, tristeza… en suma, insatisfacción y desencanto. Es lícito pues, que después de su experiencia trate -iluso- de volver al vientre del paraíso. La novela propone, de una forma velada, el obsesivo fin de la raza humana por el poder y la libertad. Hay en ella ideas brillantes e insospechadas, como el cambio de roles de sus componentes. El autor hace uso de la manipulación genética para conseguir mutaciones a la carta y modelar la condición humana al juego de su fantasía o de la entelequia de la realidad. Con ese inquietante destino que nosotros mismos nos estamos preparando. El libro está lleno de preguntas e interrogantes que se postulan como irresolubles, pero que a lo largo del texto, el autor las va resolviendo con un ingenio y fantasía inimaginables, de forma que el lector, fatigado ya en lecturas fofas, inanes y soporíferas, no caerá en el desánimo, sino que deberá entregar al máximo su pensamiento para entender con ese vocabulario humilde, compacto y conciso, el inteligente mensaje contenido en este libro. Un libro que podría hacer suya aquella máxima de Unamuno: “Mira amigo, cuando lances al mundo tu pensamiento, procura que sea denso, denso…”. | ||
| 655 | 0 |
_aNovelas _9234319 |
|
| 852 |
_aES-MaACL _bR.154.969 _cDEPOJ _jN-9771 _xEncuadernación rústica _gDedicatoria autógrafa del autor _hDonación: Ernesto Ruíz de Linares y Santisteban _9205480 |
||
| 903 |
_9235445 _aRuiz de Linares, Ernesto, _d1954- _ednr |
||
| 942 |
_cMONOGRAFIA _n0 |
||
| 999 |
_c193961 _d193961 |
||